[Event "Championnat de France des Jeunes - Minim"]
[Site "MONTLUCON"]
[Date "2011.04.21"]
[Round "6.7"]
[White "Kambrath, Linda"]
[Black "Lecland, Elodie"]
[Result "0-1"]
[WhiteElo "1656"]
[BlackElo "1750"]
[PlyCount "58"]

1. e4 d5 2. exd5 Qxd5 3. Nc3 Qa5 4. d4 Nf6 5. Bc4 Bg4 6. Nge2 e6 7. a3 c6 8.
O-O Bd6 9. f3 Bf5 10. Bf4 Bxf4 11. Nxf4 Qc7 12. Qd2 Nbd7 13. Rfe1 O-O-O 14. g4
Bg6 15. Bxe6 Qd6 16. Bxd7+ Nxd7 17. Ne4 Bxe4 18. fxe4 Ne5 19. Qg2 Qxd4+ 20. Kh1
Qd2 21. Qxd2 Rxd2 22. Re2 Rhd8 23. g5 Rxe2 24. Nxe2 Rd2 25. Ng3 Nf3 26. Nf1
Rxc2 27. b4 Nxg5 28. Re1 Nf3 29. Re3 Rf2 0-1

[Event "Championnat de France des Jeunes - Minim"]
[Site "MONTLUCON"]
[Date "2011.04.21"]
[Round "6.8"]
[White "Susini, Lisa"]
[Black "Rigolot, Lucie"]
[Result "0-1"]
[WhiteElo "1615"]
[BlackElo "1957"]
[PlyCount "90"]

1. d4 d5 2. Nf3 c6 3. e3 Nf6 4. Nbd2 Bf5 5. Bd3 Bg6 6. O-O e6 7. Re1 c5 8. Bxg6
hxg6 9. c3 Nc6 10. b3 Be7 11. Bb2 Qc7 12. e4 dxe4 13. Nxe4 cxd4 14. cxd4 Nd5
15. h3 O-O 16. a3 Qb6 17. Qd3 Rfd8 18. Rad1 Rac8 19. Ned2 Qc7 20. Nc4 Bf6 21.
Qe4 Na5 22. Nxa5 Qxa5 23. Rc1 Qb6 24. Rxc8 Rxc8 25. Qd3 Rd8 26. Qc4 Ne7 27. Ne5
Nf5 28. b4 Nxd4 29. Re4 Nf5 30. Re1 Ne7 31. Qg4 Rd2 32. Re2 Rd1+ 33. Kh2 Qd6
34. f4 Bxe5 35. Bxe5 Qb6 36. Rf2 Rd3 37. Rf3 Rd1 38. Rf2 Re1 39. Qf3 Re3 40.
Qd1 Rxa3 41. b5 Qxf2 42. Qd8+ Kh7 43. Qxe7 Qg3+ 44. Kg1 Re3 45. Bd4 Re1# 0-1

[Event "Championnat de France des Jeunes - Minim"]
[Site "MONTLUCON"]
[Date "2011.04.21"]
[Round "6.9"]
[White "Laric, Emilie"]
[Black "Del Valle, Clemence"]
[Result "0-1"]
[WhiteElo "1590"]
[BlackElo "1820"]
[PlyCount "106"]

1. d4 Nf6 2. c4 c5 3. d5 b5 4. Nf3 bxc4 5. Nc3 g6 6. e4 d6 7. Bxc4 Bg7 8. h3
O-O 9. O-O Nbd7 10. Re1 Qa5 11. Qc2 Ba6 12. Bxa6 Qxa6 13. Bd2 Rfb8 14. Rab1 Nb6
15. b3 Qb7 16. Qd3 a6 17. Nd1 Ne8 18. Nb2 Qd7 19. Nc4 Nc7 20. Na5 Nb5 21. Nc6
Rc8 22. Ba5 Rxc6 23. dxc6 Qxc6 24. Bxb6 Qxb6 25. e5 d5 26. Qxd5 Rd8 27. Qc4 Na3
28. Qe2 Nxb1 29. Rxb1 Rd5 30. Rd1 e6 31. Rxd5 exd5 32. e6 Qxe6 33. Qxe6 fxe6
34. Ng5 e5 35. Ne6 c4 36. bxc4 dxc4 37. Kf1 Kf7 38. Nxg7 Kxg7 39. Ke2 Kf6 40.
Kd2 Ke6 41. Kc3 Kd5 42. f3 h6 43. g3 Kc5 44. a3 a5 45. h4 Kd5 46. g4 Kc5 47.
Kc2 Kd4 48. Kd2 c3+ 49. Kc2 Kc4 50. a4 Kd4 51. Kc1 Ke3 52. Kc2 Kxf3 53. Kxc3 e4
0-1

[Event "Championnat de France des Jeunes - Minim"]
[Site "MONTLUCON"]
[Date "2011.04.21"]
[Round "6.10"]
[White "Dubois, Marie"]
[Black "Feller, Alice"]
[Result "0-1"]
[WhiteElo "1706"]
[BlackElo "1560"]
[PlyCount "89"]

1. d4 Nf6 2. c4 e6 3. Nc3 Bb4 4. Nf3 c5 5. e3 O-O 6. Be2 d5 7. O-O dxc4 8. Bxc4
b6 9. a3 Bxc3 10. bxc3 Bb7 11. Nd2 Re8 12. Bb2 Qc7 13. Rc1 Nbd7 14. Qb3 Ng4 15.
g3 Ndf6 16. Bb5 Red8 17. Be2 h5 18. h3 Nh6 19. Bf3 Bxf3 20. Nxf3 Ne4 21. Qc2
Qb7 22. Nd2 Nxd2 23. Qxd2 Nf5 24. Qe2 g6 25. e4 Ne7 26. Rfe1 Nc6 27. Rcd1 Na5
28. f4 Qc8 29. g4 hxg4 30. Qxg4 Nc4 31. Bc1 Kg7 32. Rf1 f5 33. exf5 exf5 34.
Qg5 Re8 35. Rde1 Qd7 36. Rd1 Ne3 37. Bxe3 Rxe3 38. dxc5 Rd3 39. Rde1 Re8 40.
cxb6 axb6 41. h4 Rh3 42. Rxe8 Qxe8 43. Qg2 Qe3+ 44. Rf2 Rg3 45. Kh2 0-1

[Event "Championnat de France des Jeunes - Minim"]
[Site "MONTLUCON"]
[Date "2011.04.22"]
[Round "7.1"]
[White "Monpeurt, Cyrielle"]
[Black "Aflalo, Sophie"]
[Result "0-1"]
[WhiteElo "1950"]
[BlackElo "2042"]
[PlyCount "82"]

1. e4 c5 2. Nf3 e6 3. d4 cxd4 4. Nxd4 Nc6 5. Nc3 Qc7 6. Be3 a6 7. Bd3 Nf6 8.
O-O Be7 9. Kh1 O-O 10. f4 d6 11. Qf3 Re8 12. Rae1 Bf8 13. Qg3 g6 14. f5 Bg7 15.
fxe6 Bxe6 16. Nxe6 fxe6 17. Bg5 Nd7 18. Qh3 Nce5 19. Bh6 Nc5 20. Bxg7 Qxg7 21.
Rd1 b5 22. a3 Rac8 23. Be2 Rcd8 24. Bg4 h5 25. Bf3 Nc4 26. Bxh5 gxh5 27. Rf3
Qh6 28. g4 Ne5 29. g5 Qg6 30. Rf6 Qxg5 31. Rg1 Ng4 32. Rf4 Nxe4 33. Nxe4 Qxf4
34. Qxh5 Qxe4+ 35. Rg2 Qe1+ 36. Rg1 Qe4+ 37. Rg2 Kg7 38. Qg5+ Kf7 39. Qh5+ Kf6
40. Qh4+ Ke5 41. Qg5+ Kd4 0-1

[Event "Championnat de France des Jeunes - Minim"]
[Site "MONTLUCON"]
[Date "2011.04.22"]
[Round "7.2"]
[White "Griggio, Julie"]
[Black "Bekhouche, Marion"]
[Result "1/2-1/2"]
[WhiteElo "1796"]
[BlackElo "1703"]
[PlyCount "95"]

1. e4 e6 2. d4 d5 3. e5 c5 4. c3 Nc6 5. Nf3 Qb6 6. a3 Nh6 7. b4 cxd4 8. cxd4
Nf5 9. Be3 f6 10. exf6 gxf6 11. Bd3 Nxe3 12. fxe3 Bd7 13. O-O Bh6 14. Qe2 O-O
15. Nc3 Rac8 16. Na4 Nxd4 17. Nxd4 Bxa4 18. Qg4+ Kh8 19. Qh3 Bxe3+ 20. Kh1 Rf7
21. Qxe3 e5 22. Rac1 Rxc1 23. Rxc1 Bc6 24. Nf5 Qxe3 25. Nxe3 e4 26. Bf1 d4 27.
Nc4 d3 28. Kg1 Rd7 29. Kf2 f5 30. Ke3 Kg7 31. Ne5 Rd6 32. Nxc6 bxc6 33. Rd1 Kf6
34. Kf4 h5 35. g3 Rd5 36. Rd2 a5 37. Bh3 axb4 38. axb4 Re5 39. Ke3 Rb5 40. Kf4
Re5 41. Ke3 c5 42. bxc5 Rxc5 43. Rf2 Ke6 44. Rf4 Kf6 45. Rf2 Kg6 46. Rf4 Rd5
47. Rf2 Kg5 48. Rd2 1/2-1/2

[Event "Championnat de France des Jeunes - Minim"]
[Site "MONTLUCON"]
[Date "2011.04.22"]
[Round "7.3"]
[White "Eid, Maha"]
[Black "Boursier, Marianne"]
[Result "1-0"]
[WhiteElo "2088"]
[BlackElo "1550"]
[Annotator "Rivier,Sylvain"]
[PlyCount "64"]

1. d4 d5 2. c4 Nc6 3. Nf3 Bg4 4. e3 e5 5. dxe5 dxc4 6. Qa4 Bxf3 7. gxf3 Qd5 8.
Bxc4 Qxe5 9. Nc3 Bb4 10. Bd2 Nge7 11. O-O-O O-O-O 12. Be2 f5 13. f4 Qe6 14. Nb1
Qe4 15. Bxb4 Qxb4 16. Nc3 Qxa4 17. Nxa4 Rd5 18. Bc4 Rxd1+ 19. Rxd1 Rd8 20. Be6+
Kb8 21. Nc5 Rxd1+ 22. Kxd1 b6 23. Nd7+ Kb7 24. Nf8 h6 25. Bf7 Nd8 26. Be8 c5
27. Ng6 Ndc6 28. Nxe7 Nxe7 29. h4 Kc7 30. Ke2 Kd6 31. f3 Kd5 32. Bf7+ Kd6 {
suite illisible} 1-0

[Event "Championnat de France des Jeunes - Minim"]
[Site "MONTLUCON"]
[Date "2011.04.22"]
[Round "7.4"]
[White "Afraoui, Solenn"]
[Black "Fischer, Julie"]
[Result "0-1"]
[WhiteElo "1820"]
[BlackElo "1823"]
[PlyCount "93"]

1. e4 c5 2. Nf3 e6 3. c4 Nc6 4. Nc3 Qc7 5. Be2 a6 6. O-O Nd4 7. d3 Ne7 8. Be3
Nec6 9. Nd2 Be7 10. f4 d6 11. Kh1 Bf6 12. Rc1 b5 13. Qe1 Rb8 14. b3 Bd7 15. g4
h6 16. Qf2 b4 17. Nd1 e5 18. Bxd4 exd4 19. g5 Bd8 20. Nf3 hxg5 21. fxg5 Be6 22.
Rg1 Ne5 23. Nh4 g6 24. Qg3 Qe7 25. Nf3 Nxf3 26. Bxf3 Bc7 27. Rg2 d5 28. e5 dxc4
29. bxc4 Bd7 30. Re2 Rb6 31. Nf2 Bf5 32. Bd5 Rh5 33. Rg1 Kd8 34. Bf3 Rh7 35.
Rge1 a5 36. Qg2 Kc8 37. Bg4 Bb8 38. Bxf5+ gxf5 39. Nh3 Rh4 40. Nf2 Re6 41. Qg3
Rh5 42. Nh3 Rh8 43. Ng1 Qe8 44. Nf3 Qc6 45. Kg1 Rg8 46. Qf4 f6 47. exf6 0-1

[Event "Championnat de France des Jeunes - Minim"]
[Site "MONTLUCON"]
[Date "2011.04.22"]
[Round "7.5"]
[White "Rigolot, Lucie"]
[Black "Richier, Lucie"]
[Result "1-0"]
[WhiteElo "1957"]
[BlackElo "1634"]
[PlyCount "71"]

1. e4 c5 2. Nf3 Nc6 3. d4 cxd4 4. Nxd4 g6 5. c4 Bg7 6. Be3 Nf6 7. f3 d6 8. Nc3
Bd7 9. Rc1 O-O 10. Be2 a5 11. b3 Nxd4 12. Bxd4 Bc6 13. Qd2 Nd7 14. Bxg7 Kxg7
15. h4 h5 16. Qd4+ Kh7 17. g4 Nf6 18. Qe3 Qc8 19. gxh5 Nxh5 20. f4 Rg8 21. f5
e6 22. fxg6+ fxg6 23. Qg5 Qe8 24. Rd1 Rd8 25. Qxa5 Ng3 26. Rh3 Nxe2 27. Kxe2
Rh8 28. b4 Qe7 29. Rg1 Kg7 30. h5 Rh6 31. Rxg6+ Rxg6 32. hxg6 Rh8 33. Rxh8 Kxh8
34. Qh5+ Kg7 35. Qh7+ Kf6 36. Qh4+ 1-0

[Event "Championnat de France des Jeunes - Minim"]
[Site "MONTLUCON"]
[Date "2011.04.22"]
[Round "7.6"]
[White "Navrotescu, Andreea-Cristiana"]
[Black "Lecland, Elodie"]
[Result "1-0"]
[WhiteElo "1936"]
[BlackElo "1750"]
[PlyCount "73"]

1. d4 Nf6 2. c4 g6 3. Nc3 Bg7 4. e4 d6 5. Nge2 O-O 6. Ng3 e5 7. d5 a5 8. h4 Na6
9. h5 Nc5 10. h6 Bh8 11. Bg5 Qe8 12. Be2 Nfd7 13. Nb5 Na6 14. O-O Ndc5 15. Bg4
f6 16. Bxc8 Qxc8 17. Bd2 f5 18. exf5 gxf5 19. f4 e4 20. Bc3 Bxc3 21. bxc3 Rf6
22. Nd4 Qf8 23. Ngxf5 Kh8 24. Qh5 Nd3 25. g4 Rg6 26. Ne6 Qf7 27. Nh4 Rf6 28.
Qxf7 Rxf7 29. Ng2 Nac5 30. Nxc5 Nxc5 31. Rae1 Rb8 32. g5 b5 33. cxb5 Rxb5 34.
f5 Nd7 35. Rxe4 Rxd5 36. Re8+ Nf8 37. g6 1-0

[Event "Championnat de France des Jeunes - Minim"]
[Site "MONTLUCON"]
[Date "2011.04.22"]
[Round "7.7"]
[White "Del Valle, Clemence"]
[Black "Le Marec, Laura"]
[Result "0-1"]
[WhiteElo "1820"]
[BlackElo "1648"]
[PlyCount "80"]

1. e4 e6 2. d4 d5 3. Nd2 dxe4 4. Nxe4 Bd7 5. Nf3 Bc6 6. Ng3 Nd7 7. Bd3 Ngf6 8.
O-O Bd6 9. Re1 O-O 10. c3 Re8 11. Bg5 h6 12. Bxf6 Qxf6 13. Ne4 Qe7 14. Nxd6
cxd6 15. Bc2 Qf6 16. Nd2 b5 17. Ne4 Qe7 18. Qd3 Bxe4 19. Rxe4 f5 20. Re2 Nf6
21. Rae1 Qd7 22. Bb3 d5 23. Bc2 a5 24. f3 Kf7 25. Re5 Qc6 26. g4 g6 27. gxf5
gxf5 28. Kf2 b4 29. cxb4 axb4 30. Bb3 Qd6 31. Rg1 Rg8 32. Rge1 Rae8 33. Ba4 Re7
34. Qb5 Rc8 35. Bb3 Nd7 36. R5e2 Qxh2+ 37. Ke3 f4+ 38. Kd3 Qh3 39. Bxd5 Qf5+
40. Be4 Qxb5+ 0-1

[Event "Championnat de France des Jeunes - Minim"]
[Site "MONTLUCON"]
[Date "2011.04.22"]
[Round "7.8"]
[White "Gennesseaux, Gabrielle"]
[Black "Thomas, Anysia"]
[Result "0-1"]
[WhiteElo "1660"]
[BlackElo "1790"]
[PlyCount "90"]

1. e4 c6 2. d4 g6 3. Nf3 d5 4. exd5 cxd5 5. c4 dxc4 6. Bxc4 Nf6 7. O-O Bg7 8.
h3 O-O 9. Re1 Nc6 10. Nc3 Na5 11. Bd3 b6 12. Be3 Bb7 13. Rc1 Nd5 14. Bg5 f6 15.
Bh4 Bh6 16. Rb1 Rc8 17. Nxd5 Bxd5 18. b4 Nc6 19. Ba6 Ra8 20. Bg3 Nb8 21. Bd3
Bxa2 22. Be4 Bd5 23. Bxd5+ Qxd5 24. Rxe7 Nc6 25. Rc7 Rf7 26. Rxf7 Kxf7 27. Rc1
Bxc1 28. Qxc1 Rd8 29. Qa3 Rd7 30. b5 Nxd4 31. Nxd4 Qxd4 32. Qa6 Qd1+ 33. Kh2
Qe1 34. Qc8 Qe8 35. Qc4+ Qe6 36. Qc8 Rd5 37. Qh8 Rh5 38. Qa8 Qd7 39. Bf4 Kg7
40. Qf3 Rxb5 41. g4 a5 42. g5 fxg5 43. Qc3+ Kh6 44. Be5 Qf7 45. Qg3 Rxe5 0-1

[Event "Championnat de France des Jeunes - Minim"]
[Site "MONTLUCON"]
[Date "2011.04.22"]
[Round "7.9"]
[White "Feller, Alice"]
[Black "Finkel, Anne-Sophie"]
[Result "1/2-1/2"]
[WhiteElo "1560"]
[BlackElo "1700"]
[PlyCount "71"]

1. d4 c5 2. d5 Nf6 3. Nf3 g6 4. Bg5 Bg7 5. c3 d6 6. Bxf6 Bxf6 7. e4 O-O 8. Bd3
Qb6 9. Qc2 Nd7 10. Nbd2 Ne5 11. Nxe5 Bxe5 12. Nc4 Qc7 13. Nxe5 dxe5 14. c4 e6
15. O-O f5 16. f3 exd5 17. cxd5 Bd7 18. Rac1 Qb6 19. Qxc5 Qxb2 20. Qc3 Qxc3 21.
Rxc3 Rac8 22. Rfc1 Rxc3 23. Rxc3 Rc8 24. Rxc8+ Bxc8 25. Kf2 Kf7 26. Ke3 Ke7 27.
Kd2 Kd6 28. Kc3 Kc5 29. a4 Bd7 30. Bc2 a6 31. g3 b5 32. axb5 axb5 33. Bb1 fxe4
34. fxe4 g5 35. Bc2 h6 36. Bb1 1/2-1/2

[Event "Championnat de France des Jeunes - Minim"]
[Site "MONTLUCON"]
[Date "2011.04.22"]
[Round "7.10"]
[White "Sriskantharajah, Niruja"]
[Black "Rei-Rosa, Sophie"]
[Result "0-1"]
[WhiteElo "1571"]
[BlackElo "1700"]
[PlyCount "92"]

1. e4 e5 2. Nf3 Nc6 3. d4 exd4 4. Nxd4 Nf6 5. Nxc6 bxc6 6. e5 Qe7 7. Qe2 Nd5 8.
c4 Nb6 9. b3 a5 10. Bb2 a4 11. Nd2 axb3 12. axb3 Rxa1+ 13. Bxa1 Qa3 14. Bd4 c5
15. Be3 Qa1+ 16. Qd1 Qxe5 17. Bd3 Bb7 18. O-O Bd6 19. g3 O-O 20. Re1 Re8 21.
Qg4 Qc3 22. Bb1 Rxe3 23. Rxe3 Qxd2 24. Re8+ Bf8 25. Bxh7+ Kxh7 26. Qh4+ Qh6 27.
Qxh6+ Kxh6 28. Rxf8 Kg6 29. Re8 Kf6 30. Kf1 d6 31. Ke2 Nd7 32. f4 Kg6 33. Re7
Bc6 34. Kd3 f5 35. Re6+ Kf7 36. Re1 Nf6 37. Ra1 Ke7 38. Ra7 Kd7 39. Ra2 Be4+
40. Kc3 Bb1 41. Re2 Be4 42. Ra2 Bb7 43. Re2 Ne4+ 44. Kc2 g6 45. Kd3 d5 46. cxd5
Ba6+ 0-1

[Event "Championnat de France des Jeunes - Minim"]
[Site "MONTLUCON"]
[Date "2011.04.23"]
[Round "8.1"]
[White "Aflalo, Sophie"]
[Black "Rigolot, Lucie"]
[Result "1/2-1/2"]
[WhiteElo "2042"]
[BlackElo "1957"]
[PlyCount "91"]

1. e4 c5 2. Nf3 d6 3. d4 cxd4 4. Nxd4 Nf6 5. Nc3 Nc6 6. Be2 e6 7. O-O a6 8. a4
d5 9. exd5 Nxd5 10. Nxc6 bxc6 11. Ne4 Bb7 12. c4 Nb4 13. Be3 Qc7 14. c5 Nd5 15.
Qb3 Rb8 16. Bc4 a5 17. Qd1 Qe5 18. Qf3 Rd8 19. Rad1 Be7 20. Bd4 Qf4 21. Bxd5
Qxf3 22. Nd6+ Bxd6 23. Bxf3 Be7 24. Bxg7 Rg8 25. Rxd8+ Bxd8 26. Bd4 Bc7 27. Rd1
Ke7 28. g3 e5 29. Bc3 f5 30. Be2 Bc8 31. Bc4 Rg4 32. b3 Be6 33. Bxe6 Kxe6 34.
f3 Rg8 35. Kf2 Rb8 36. Rb1 Kd5 37. Ke3 Kxc5 38. Bd2 Kd5 39. Kd3 c5 40. Kc3 e4
41. fxe4+ fxe4 42. Bf4 Bxf4 43. gxf4 Rf8 44. Rd1+ Kc6 45. Rf1 Kd5 46. Rd1+
1/2-1/2

[Event "Championnat de France des Jeunes - Minim"]
[Site "MONTLUCON"]
[Date "2011.04.23"]
[Round "8.2"]
[White "Bekhouche, Marion"]
[Black "Monpeurt, Cyrielle"]
[Result "0-1"]
[WhiteElo "1703"]
[BlackElo "1950"]
[PlyCount "74"]

1. d4 Nf6 2. c4 c5 3. d5 e6 4. Nc3 exd5 5. cxd5 d6 6. e4 g6 7. Nf3 Bg7 8. Bd3
O-O 9. O-O Bg4 10. h3 Bxf3 11. Qxf3 a6 12. a4 Nbd7 13. Qd1 Re8 14. Re1 Qc7 15.
Qc2 Rab8 16. a5 Ne5 17. Be2 Re7 18. f4 Ned7 19. Bf3 b5 20. axb6 Qxb6 21. Qd3
c4+ 22. Qe3 Nc5 23. e5 dxe5 24. fxe5 Nd3 25. Qxb6 Rxb6 26. Re2 Rxe5 27. Rxe5
Nxe5 28. Be2 Nfd7 29. Ne4 Nd3 30. Kf1 f5 31. Nd2 Nxb2 32. Bxb2 Rxb2 33. Rxa6
Rxd2 34. Bxc4 Rd4 35. Ba2 Be5 36. Ra7 Nb6 37. d6+ Kh8 0-1

[Event "Championnat de France des Jeunes - Minim"]
[Site "MONTLUCON"]
[Date "2011.04.23"]
[Round "8.3"]
[White "Le Marec, Laura"]
[Black "Eid, Maha"]
[Result "1/2-1/2"]
[WhiteElo "1648"]
[BlackElo "2088"]
[PlyCount "71"]

1. d4 Nf6 2. c4 e6 3. Nf3 b6 4. g3 Bb7 5. Bg2 d5 6. Nc3 Be7 7. O-O O-O 8. Bg5
Nbd7 9. Ne5 h6 10. Bxf6 Nxf6 11. Qa4 Qe8 12. Qxe8 Rfxe8 13. Nb5 Rec8 14. a4 c5
15. e3 Ne4 16. cxd5 Bxd5 17. Rfc1 a6 18. Na3 cxd4 19. exd4 Bxa3 20. bxa3 Nc3
21. Bxd5 exd5 22. Rc2 Nxa4 23. Rac1 Rxc2 24. Rxc2 Ra7 25. Rc6 b5 26. Ng4 a5 27.
Ne3 b4 28. axb4 axb4 29. Rc8+ Kh7 30. Rb8 Nc3 31. Rxb4 Ra2 32. Rb3 Ne2+ 33. Kg2
Nxd4 34. Rd3 Ne6 35. Rxd5 Ng5 36. Rf5 1/2-1/2

[Event "Championnat de France des Jeunes - Minim"]
[Site "MONTLUCON"]
[Date "2011.04.23"]
[Round "8.4"]
[White "Thomas, Anysia"]
[Black "Navrotescu, Andreea-Cristiana"]
[Result "1/2-1/2"]
[WhiteElo "1790"]
[BlackElo "1936"]
[PlyCount "83"]

1. d4 Nf6 2. c4 e6 3. Nf3 Bb4+ 4. Bd2 Qe7 5. a3 Bxd2+ 6. Qxd2 d6 7. Nc3 a5 8.
e3 e5 9. dxe5 dxe5 10. Qc2 O-O 11. Be2 c6 12. O-O Bg4 13. Nd2 Bxe2 14. Nxe2
Nbd7 15. Ng3 g6 16. Rfd1 a4 17. Rac1 Nc5 18. Nge4 Nfxe4 19. Nxe4 Nb3 20. Rb1 f5
21. Nd2 Nc5 22. e4 f4 23. Re1 f3 24. Nxf3 Rxf3 25. gxf3 Ne6 26. Kh1 Nf4 27. Rg1
Qh4 28. Rg4 Qf6 29. Rbg1 Ne6 30. R4g3 Nd4 31. Qd3 Rf8 32. Kg2 h5 33. Kf1 Kh7
34. Rxg6 Qf4 35. Rg7+ Kh8 36. R7g3 h4 37. Rg4 Qxh2 38. R1g2 Qh1+ 39. Rg1 Qh3+
40. R1g2 Qh1+ 41. Rg1 Qh3+ 42. R1g2 1/2-1/2

[Event "Championnat de France des Jeunes - Minim"]
[Site "MONTLUCON"]
[Date "2011.04.23"]
[Round "8.5"]
[White "Fischer, Julie"]
[Black "Griggio, Julie"]
[Result "1-0"]
[WhiteElo "1823"]
[BlackElo "1796"]
[PlyCount "95"]

1. e4 e6 2. d3 d5 3. Nd2 c5 4. Ngf3 Nc6 5. g3 Nf6 6. Bg2 Be7 7. O-O O-O 8. Re1
Qc7 9. e5 Nd7 10. Qe2 b5 11. Nf1 Bb7 12. h4 Rac8 13. N1h2 Nd4 14. Qd1 Nxf3+ 15.
Nxf3 Nb8 16. Bh3 d4 17. Ng5 Bxg5 18. Bxg5 h6 19. Bf4 Qc6 20. Re4 Nd7 21. Kh2
Qb6 22. Re1 Qc6 23. Rg1 Qf3 24. Qd2 Qh5 25. Rae1 Bf3 26. g4 Qxh4 27. g5 hxg5
28. Bxg5 Qh5 29. Qf4 Bd5 30. Bh6 g6 31. Bxf8 Rxf8 32. Rg4 Qh7 33. Reg1 Qg7 34.
Rg5 Rb8 35. Bg2 Bxg2 36. Kxg2 Kf8 37. Kf1 Ke7 38. Qh4 Ke8 39. Rh5 Nf8 40. f4
Kd7 41. Rh8 Rc8 42. Rh1 a5 43. Qe1 b4 44. Qe4 Rc6 45. R8h2 a4 46. c3 bxc3 47.
bxc3 Rb6 48. cxd4 1-0

[Event "Championnat de France des Jeunes - Minim"]
[Site "MONTLUCON"]
[Date "2011.04.23"]
[Round "8.6"]
[White "Kambrath, Linda"]
[Black "Afraoui, Solenn"]
[Result "0-1"]
[WhiteElo "1656"]
[BlackElo "1820"]
[PlyCount "44"]

1. d4 Nf6 2. Nf3 c5 3. g3 cxd4 4. Nxd4 d5 5. Bg2 e5 6. Nb3 Be7 7. O-O O-O 8.
Nc3 d4 9. Na4 Qc7 10. Qd3 Bd7 11. Nac5 Bxc5 12. Nxc5 Qxc5 13. Bxb7 Nc6 14. Bxa8
Rxa8 15. c3 Bh3 16. cxd4 Nxd4 17. Rd1 Bf5 18. Qa6 Ng4 19. Be3 Nxe3 20. fxe3 Nc2
21. Rac1 Qxe3+ 22. Kf1 Bh3# 0-1

[Event "Championnat de France des Jeunes - Minim"]
[Site "MONTLUCON"]
[Date "2011.04.23"]
[Round "8.7"]
[White "Rei-Rosa, Sophie"]
[Black "Feller, Alice"]
[Result "0-1"]
[WhiteElo "1700"]
[BlackElo "1560"]
[PlyCount "116"]

1. d4 Nf6 2. Nf3 g6 3. Bf4 Bg7 4. e3 d6 5. h3 O-O 6. Be2 c5 7. c3 Nbd7 8. Nbd2
a6 9. a4 b6 10. O-O Bb7 11. Qc2 Rc8 12. Bh2 cxd4 13. exd4 Qc7 14. Rfe1 Rfe8 15.
Bd3 Nb8 16. Ne4 Nxe4 17. Bxe4 Nc6 18. Qd3 Na5 19. Bxb7 Qxb7 20. Re2 Nc6 21.
Rae1 Rcd8 22. Qe4 Qd7 23. Qd5 h6 24. Qc4 Qb7 25. Re3 Bf8 26. Qb3 Na5 27. Qc2
Nc4 28. Re4 b5 29. axb5 axb5 30. Nd2 Nxd2 31. Qxd2 Qd7 32. Bf4 Kh7 33. Bxh6 Bg7
34. Rh4 Rh8 35. Bg5+ Kg8 36. Rxh8+ Bxh8 37. Rxe7 Qf5 38. Rxf7 Kxf7 39. Bxd8 Bf6
40. Bxf6 Qxf6 41. g3 Kg7 42. f4 Qf5 43. Kg2 Qe4+ 44. Kf2 Kf6 45. d5 Kf7 46. Qe2
Qxd5 47. Ke3 Qe6+ 48. Kf3 Qxh3 49. Qg2 Qh5+ 50. Ke3 Qc5+ 51. Kd3 Qc4+ 52. Kd2
d5 53. Qe2 Qb3 54. Ke3 b4 55. Kd4 Kf8 56. g4 bxc3 57. bxc3 Qa4+ 58. Ke5 Qe8+
0-1

[Event "Championnat de France des Jeunes - Minim"]
[Site "MONTLUCON"]
[Date "2011.04.23"]
[Round "8.8"]
[White "Boursier, Marianne"]
[Black "Vignette, Jeanne"]
[Result "1-0"]
[WhiteElo "1550"]
[BlackElo "1617"]
[PlyCount "105"]

1. e4 e5 2. Nf3 Nc6 3. Bc4 Nf6 4. d3 Bc5 5. Be3 Bb6 6. Nbd2 d6 7. c3 Be6 8. O-O
h6 9. Bb3 O-O 10. d4 exd4 11. cxd4 d5 12. e5 Nd7 13. Bc2 f5 14. Nb3 f4 15. Bd2
Bg4 16. Bc3 a5 17. a4 Qe7 18. h3 Bh5 19. Qd3 g6 20. Nbd2 Nd8 21. g4 fxg3 22.
fxg3 g5 23. g4 Be8 24. Rf2 Ne6 25. Nb3 Nf4 26. Qf1 Bg6 27. Bxg6 Nxg6 28. Bd2 c5
29. Qd3 Qe6 30. Qe3 cxd4 31. Nbxd4 Bxd4 32. Qxd4 Ndxe5 33. Bc3 Rxf3 34. Re1
Rxf2 35. Kxf2 Re8 36. Kg3 Qd6 37. Kf2 Rf8+ 38. Ke2 Nf4+ 39. Kd1 Nfd3 40. Re3
Rf3 41. Rxf3 Qg6 42. Qxd5+ Kh7 43. Bxe5 Nxe5 44. Qxe5 Qb1+ 45. Ke2 Qc2+ 46. Kf1
Qc4+ 47. Qe2 Qc1+ 48. Kg2 Qc6 49. Qe7+ Kg8 50. Qf7+ Kh8 51. Qf6+ Kg8 52. Qxc6
bxc6 53. Rf6 1-0

[Event "Championnat de France des Jeunes - Minim"]
[Site "MONTLUCON"]
[Date "2011.04.23"]
[Round "8.9"]
[White "Richier, Lucie"]
[Black "Del Valle, Clemence"]
[Result "1-0"]
[WhiteElo "1634"]
[BlackElo "1820"]
[PlyCount "79"]

1. d4 Nf6 2. Nf3 c5 3. e3 g6 4. Be2 Bg7 5. O-O cxd4 6. exd4 O-O 7. Nbd2 Nc6 8.
c3 d6 9. Re1 a6 10. Bc4 b5 11. Bb3 Bb7 12. Nf1 Rc8 13. Bf4 Na5 14. Bc2 Nc4 15.
Qc1 Qd7 16. N1d2 Qg4 17. Nxc4 Rxc4 18. h3 Qd7 19. Nd2 Rc7 20. Nb3 Rfc8 21. a3
Nd5 22. Bh2 Nb6 23. Na5 Ba8 24. Re2 Nc4 25. Nxc4 Rxc4 26. Bb3 Rxd4 27. Qe1 Qc6
28. f3 Rd3 29. Bc2 Qc5+ 30. Kh1 Rd5 31. Rxe7 Bc6 32. Bb3 Rf5 33. Bg1 Re5 34.
Bxc5 Rxe1+ 35. Raxe1 dxc5 36. Bxf7+ Kf8 37. Ra7 Rd8 38. Bb3 Rd2 39. Rc7 Rxb2
40. Rc8+ 1-0

[Event "Championnat de France des Jeunes - Minim"]
[Site "MONTLUCON"]
[Date "2011.04.23"]
[Round "8.10"]
[White "Lecland, Elodie"]
[Black "Bertrand, Meryl"]
[Result "1-0"]
[WhiteElo "1750"]
[BlackElo "1648"]
[PlyCount "27"]

1. e4 e5 2. Nf3 Nc6 3. d4 exd4 4. Bc4 h6 5. O-O Bc5 6. c3 Na5 7. cxd4 Nxc4 8.
dxc5 Na5 9. Nc3 Nc6 10. Bf4 Nge7 11. Nb5 Ng6 12. Nxc7+ Kf8 13. Bd6+ Kg8 14.
Nxa8 1-0

[Event "Championnat de France des Jeunes - Minim"]
[Site "MONTLUCON"]
[Date "2011.04.24"]
[Round "9.1"]
[White "Fischer, Julie"]
[Black "Aflalo, Sophie"]
[Result "1-0"]
[WhiteElo "1823"]
[BlackElo "2042"]
[PlyCount "101"]

1. Nf3 Nf6 2. g3 g6 3. Bg2 Bg7 4. O-O O-O 5. c4 d6 6. d3 c6 7. Nc3 e5 8. Rb1
Be6 9. Bd2 Nbd7 10. Ng5 d5 11. Nxe6 fxe6 12. b4 Kh8 13. b5 Qc7 14. Qb3 Rfb8 15.
Rfc1 Qd6 16. Be1 a6 17. a4 axb5 18. axb5 Nc5 19. Qc2 Nfd7 20. Ra1 Rxa1 21. Rxa1
Nb6 22. Nb1 Ncd7 23. Ra2 cxb5 24. cxb5 Rc8 25. Qb2 Nc5 26. Bb4 Qc7 27. Bf1 e4
28. d4 Ncd7 29. e3 e5 30. Bc3 exd4 31. Bxd4 Ne5 32. Nd2 Rf8 33. Kg2 Qf7 34.
Bxe5 Qxf2+ 35. Kh1 Bf6 36. Bxf6+ Rxf6 37. Qa1 Kg7 38. Rc2 Nc4 39. Bxc4 dxc4 40.
Rxc4 Kh6 41. Rxe4 Qxd2 42. Qxf6 Qd1+ 43. Kg2 Qc2+ 44. Kf3 Qd1+ 45. Kf4 Qf1+ 46.
Ke5 Qa1+ 47. Rd4 Qc3 48. Qf8+ Kh5 49. g4+ Kg5 50. Qf4+ Kh4 51. g5+ 1-0

[Event "Championnat de France des Jeunes - Minim"]
[Site "MONTLUCON"]
[Date "2011.04.24"]
[Round "9.2"]
[White "Eid, Maha"]
[Black "Monpeurt, Cyrielle"]
[Result "1/2-1/2"]
[WhiteElo "2088"]
[BlackElo "1950"]
[PlyCount "60"]

1. d4 Nf6 2. Nc3 d5 3. Bg5 Bf5 4. Bxf6 gxf6 5. e3 c6 6. Bd3 Bg6 7. f4 Bxd3 8.
Qxd3 e6 9. Nf3 Nd7 10. O-O-O Qc7 11. g3 O-O-O 12. e4 Nb6 13. exd5 Nxd5 14. Nxd5
cxd5 15. Kb1 Kb8 16. Rhe1 Rd6 17. Nd2 Ra6 18. Nb3 h5 19. Qf3 h4 20. f5 Be7 21.
Qg4 hxg3 22. hxg3 Rc8 23. c3 Qd7 24. Qg7 Qa4 25. Nc1 Rxc3 26. bxc3 Rb6+ 27. Nb3
Rxb3+ 28. axb3 Qxb3+ 29. Ka1 Qa3+ 30. Kb1 Qb3+ 1/2-1/2

[Event "Championnat de France des Jeunes - Minim"]
[Site "MONTLUCON"]
[Date "2011.04.24"]
[Round "9.3"]
[White "Rigolot, Lucie"]
[Black "Bekhouche, Marion"]
[Result "1-0"]
[WhiteElo "1957"]
[BlackElo "1703"]
[PlyCount "57"]

1. e4 e6 2. d4 d5 3. Nd2 Nf6 4. e5 Nfd7 5. f4 c5 6. c3 Nc6 7. Ndf3 Qb6 8. Ne2
cxd4 9. cxd4 Be7 10. g3 O-O 11. Bh3 f6 12. Bxe6+ Kh8 13. exf6 Nxf6 14. Bxc8
Raxc8 15. O-O Ne4 16. Nc3 Rfd8 17. Re1 Bf6 18. Kg2 Nxd4 19. Nxd4 Bxd4 20. Nxd5
Rxd5 21. Rxe4 Bxb2 22. Qe2 Qg6 23. Bxb2 Rcd8 24. f5 Rxf5 25. Rd1 Rdf8 26. Bd4
h6 27. Re6 Qf7 28. Rxh6+ Kg8 29. Re6 1-0